| Tag |
First Indicator |
Second Indicator |
Subfields |
| LEADER |
00000cam a22000004a 4500 |
| 001 |
in00003387913 |
| 005 |
20190405193748.0 |
| 006 |
m d |
| 007 |
cr |||||||nn|n |
| 008 |
020111s2002 txu o d eng d |
| 010 |
|
|
|z 2002000336
|
| 020 |
|
|
|a 9780292796423
|
| 020 |
|
|
|a 0292796420
|
| 020 |
|
|
|z 0292731299 (hardcover : alk. paper)
|
| 020 |
|
|
|z 029273462X (pbk. : alk. paper)
|
| 020 |
|
|
|z 9780292731295
|
| 035 |
|
|
|a (MdBmJHUP)muse9780292796423
|
| 040 |
|
|
|a MdBmJHUP
|c MdBmJHUP
|d UtOrBLW
|
| 043 |
|
|
|a n-mx---
|
| 050 |
0 |
0 |
|a GN560.M6
|b H47 2002
|
| 082 |
0 |
0 |
|a 305.8/00972/13
|2 21
|
| 100 |
1 |
|
|a Hernández, Marie Theresa,
|d 1952-
|
| 245 |
1 |
0 |
|a Delirio--the fantastic, the demonic, and the reel :
|b the buried history of Nuevo León /
|c Marie Theresa Hernández.
|
| 250 |
|
|
|a 1st ed.
|
| 264 |
|
1 |
|a Austin :
|b University of Texas Press Austin,
|c 2002.
|
| 300 |
|
|
|a 1 online resource (xiii, 306 pages :) :
|b illustrations
|
| 336 |
|
|
|a text
|b txt
|2 rdacontent
|
| 337 |
|
|
|a computer
|b c
|2 rdamedia
|
| 338 |
|
|
|a online resource
|b cr
|2 rdacarrier
|
| 504 |
|
|
|a Includes bibliographical references (pages 293-299) and index.
|
| 588 |
|
|
|a Description based on print version record.
|
| 500 |
|
|
|a Electronic resource.
|
| 650 |
|
0 |
|a Indians of Mexico
|z Mexico
|z Nuevo León (State)
|x History.
|
| 650 |
|
0 |
|a Folklore
|z Mexico
|z Nuevo León (State)
|
| 650 |
|
0 |
|a Ethnology
|z Mexico
|z Nuevo León (State)
|
| 651 |
|
0 |
|a Nuevo León (Mexico : State)
|x Social life and customs.
|
| 651 |
|
0 |
|a Nuevo León (Mexico : State)
|x History.
|
| 655 |
|
7 |
|a Electronic books.
|2 local
|
| 856 |
4 |
0 |
|u http://proxy.library.tamu.edu/login?url=http://muse.jhu.edu/books/9780292796423/
|z Connect to the full text of this electronic book
|t 0
|
| 999 |
|
|
|a MARS
|
| 999 |
f |
f |
|s cc515cb6-bb70-327e-9615-7a4a0248712c
|i 921ff034-5fd6-3bf4-af5b-07d5ff77fc9b
|t 0
|
| 952 |
f |
f |
|a Texas A&M University
|b College Station
|c Electronic Resources
|d Available Online
|t 0
|e GN560.M6 H47 2002
|h Library of Congress classification
|
| 998 |
f |
f |
|a GN560.M6 H47 2002
|t 0
|l Available Online
|